| 000 | 00535pam a2200181 i 4500 | ||
|---|---|---|---|
| 005 | 20250901165605.0 | ||
| 008 | 750403s1975 enk b 001 0 eng | ||
| 010 | _a 75011683 | ||
| 020 |
_a0582487102. _a0582487110 |
||
| 050 | 0 | 0 |
_aHM258 .M223 1975 _b.M223 1975 |
| 082 | 0 | 0 | _a301.14 |
| 100 | 1 | _aMcQuail, Denis. | |
| 245 | 1 | 0 |
_aCommunication / _cDenis McQuail. |
| 260 |
_aLondon ; _aNew York : _bLongman, _c1975. |
||
| 300 |
_aviii, 229 p. ; _c22 cm. |
||
| 500 | _aIncludes index. | ||
| 942 |
_2lcc _hHM258 .M223 1975 |
||
| 999 |
_c6337 _d6337 |
||